Headway upper - intermediate teacher's book

Kaydedildi:
Detaylı Bibliyografya
Yazar: Soars, John
Diğer Yazarlar: Soars, Liz
Materyal Türü: Kitap
Dil:English
Baskı/Yayın Bilgisi: New York Oxford University Press 1987
Konular:
Etiketler: Etiketle
Etiket eklenmemiş, İlk siz ekleyin!
Thư viện lưu trữ: Trung tâm Học liệu Lê Vũ Hùng, Trường Đại học Đồng Tháp
LEADER 00847pam a22002778a 4500
001 00025944
005 20171026081023.0
008 110812s1987 ||||||engsd
041 0 # |a eng 
082 0 4 |a 428  |b H200A 
100 1 # |a Soars, John 
245 1 0 |c John and Liz Soars  |a Headway upper - intermediate  |b teacher's book 
260 # # |a New York  |b Oxford University Press  |c 1987 
300 # # |a vii,74,13 p.  |b ill.  |c 28 cm. 
650 # 4 |a Bài tập 
650 # 4 |a Hoa Kỳ 
650 # 4 |a Tiếng anh 
650 # 4 |a Ngữ pháp 
700 1 # |a Soars, Liz 
852 # # |b Kho giáo trình  |j KGT.0027945, KGT.0032648 
852 # # |b Kho mượn  |j KGT.0032648 
852 # # |j KGT.0032648  |j KGT.0027946  |j KGT.0027945 
910 0 # |d 12/08/2011 
980 # # |a Trung tâm Học liệu Lê Vũ Hùng, Trường Đại học Đồng Tháp